<?xml version="1.0" encoding="UTF-8"?>
<record
    xmlns:xsi="http://www.w3.org/2001/XMLSchema-instance"
    xsi:schemaLocation="http://www.loc.gov/MARC21/slim http://www.loc.gov/standards/marcxml/schema/MARC21slim.xsd"
    xmlns="http://www.loc.gov/MARC21/slim">

  <leader>01512nam a22002417a 4500</leader>
  <controlfield tag="003">Uzh_bibl</controlfield>
  <controlfield tag="008">260430b        |||||||| |||| 00| 0 ukr d</controlfield>
  <datafield tag="020" ind1=" " ind2=" ">
    <subfield code="a">966-9865-56-8</subfield>
    <subfield code="c">30.00</subfield>
  </datafield>
  <datafield tag="040" ind1=" " ind2=" ">
    <subfield code="b">&#x443;&#x43A;&#x440;.</subfield>
  </datafield>
  <datafield tag="041" ind1=" " ind2=" ">
    <subfield code="2">ukr</subfield>
    <subfield code="a">ukr</subfield>
  </datafield>
  <datafield tag="080" ind1=" " ind2=" ">
    <subfield code="a">94(477)</subfield>
  </datafield>
  <datafield tag="090" ind1=" " ind2=" ">
    <subfield code="a">94(477)</subfield>
    <subfield code="b">&#x41B; 19</subfield>
  </datafield>
  <datafield tag="100" ind1=" " ind2=" ">
    <subfield code="a">&#x41B;&#x430;&#x43A;&#x442;&#x456;&#x43E;&#x43D;&#x43E;&#x432;-&#x421;&#x442;&#x435;&#x437;&#x435;&#x43D;&#x43A;&#x43E;</subfield>
  </datafield>
  <datafield tag="245" ind1=" " ind2=" ">
    <subfield code="a">&#x421;&#x43C;&#x430;&#x43A; &#x442;&#x440;&#x430;&#x432;&#x438;.&#x410;&#x431;&#x43E; &#x43F;&#x440;&#x438;&#x43A;&#x43B;&#x430;&#x434; &#x448;&#x432;&#x438;&#x434;&#x43A;&#x43E;&#x457; &#x43F;&#x43E;&#x431;&#x443;&#x434;&#x43E;&#x432;&#x438; &#x441;&#x43E;&#x446;&#x456;&#x430;&#x43B;&#x456;&#x437;&#x43C;&#x443; &#x432; &#x43E;&#x43A;&#x440;&#x435;&#x43C;&#x43E; &#x432;&#x437;&#x44F;&#x442;&#x456;&#x439; &#x43A;&#x440;&#x430;&#x457;&#x43D;&#x456;</subfield>
    <subfield code="h">&#x422;&#x435;&#x43A;&#x441;&#x442;</subfield>
  </datafield>
  <datafield tag="260" ind1=" " ind2=" ">
    <subfield code="a">&#x41A;&#x438;&#x457;&#x432;</subfield>
    <subfield code="b">&#x414;&#x43D;&#x456;&#x43F;&#x440;&#x43E;</subfield>
    <subfield code="c">2003</subfield>
  </datafield>
  <datafield tag="300" ind1=" " ind2=" ">
    <subfield code="a">384 &#x441;.</subfield>
    <subfield code="f">&#x412; &#x43E;&#x43F;&#x440;.</subfield>
  </datafield>
  <datafield tag="520" ind1=" " ind2=" ">
    <subfield code="a">&#xAB;&#x421;&#x43C;&#x430;&#x43A; &#x442;&#x440;&#x430;&#x432;&#x438;, &#x430;&#x431;&#x43E; &#x43F;&#x440;&#x438;&#x43A;&#x43B;&#x430;&#x434; &#x448;&#x432;&#x438;&#x434;&#x43A;&#x43E;&#x457; &#x43F;&#x43E;&#x431;&#x443;&#x434;&#x43E;&#x432;&#x438; &#x441;&#x43E;&#x446;&#x456;&#x430;&#x43B;&#x456;&#x437;&#x43C;&#x443; &#x432; &#x43E;&#x43A;&#x440;&#x435;&#x43C;&#x43E; &#x432;&#x437;&#x44F;&#x442;&#x456;&#x439; &#x43A;&#x440;&#x430;&#x457;&#x43D;&#x456;&#xBB; &#x2014; &#x434;&#x43E;&#x43A;&#x443;&#x43C;&#x435;&#x43D;&#x442;&#x430;&#x43B;&#x44C;&#x43D;&#x430; &#x43A;&#x43D;&#x438;&#x433;&#x430; &#x443;&#x43A;&#x440;&#x430;&#x457;&#x43D;&#x441;&#x44C;&#x43A;&#x43E;&#x433;&#x43E; &#x440;&#x435;&#x436;&#x438;&#x441;&#x435;&#x440;&#x430;, &#x43F;&#x438;&#x441;&#x44C;&#x43C;&#x435;&#x43D;&#x43D;&#x438;&#x43A;&#x430; &#x442;&#x430; &#x433;&#x440;&#x43E;&#x43C;&#x430;&#x434;&#x441;&#x44C;&#x43A;&#x43E;&#x433;&#x43E; &#x434;&#x456;&#x44F;&#x447;&#x430; &#x41C;&#x438;&#x43A;&#x43E;&#x43B;&#x438; &#x41F;&#x43E;&#x43B;&#x456;&#x43A;&#x430;&#x440;&#x43F;&#x43E;&#x432;&#x438;&#x447;&#x430; &#x41B;&#x430;&#x43A;&#x442;&#x456;&#x43E;&#x43D;&#x43E;&#x432;&#x430;-&#x421;&#x442;&#x435;&#x437;&#x435;&#x43D;&#x43A;&#x430;, &#x43F;&#x440;&#x438;&#x441;&#x432;&#x44F;&#x447;&#x435;&#x43D;&#x430; &#x413;&#x43E;&#x43B;&#x43E;&#x434;&#x43E;&#x43C;&#x43E;&#x440;&#x443; 1932&#x2013;1933 &#x440;&#x43E;&#x43A;&#x456;&#x432; &#x432; &#x423;&#x43A;&#x440;&#x430;&#x457;&#x43D;&#x456;.  &#x41A;&#x43D;&#x438;&#x433;&#x430; &#x454; &#x437;&#x432;&#x438;&#x43D;&#x443;&#x432;&#x430;&#x447;&#x443;&#x432;&#x430;&#x43B;&#x44C;&#x43D;&#x438;&#x43C; &#x430;&#x43A;&#x442;&#x43E;&#x43C; &#x43F;&#x440;&#x43E;&#x442;&#x438; &#x442;&#x43E;&#x442;&#x430;&#x43B;&#x456;&#x442;&#x430;&#x440;&#x43D;&#x43E;&#x433;&#x43E; &#x440;&#x435;&#x436;&#x438;&#x43C;&#x443;, &#x44F;&#x43A;&#x438;&#x439; &#x431;&#x430;&#x437;&#x443;&#x454;&#x442;&#x44C;&#x441;&#x44F; &#x43D;&#x430; &#x441;&#x442;&#x440;&#x430;&#x448;&#x43D;&#x438;&#x445; &#x441;&#x43F;&#x43E;&#x433;&#x430;&#x434;&#x430;&#x445; &#x43B;&#x44E;&#x434;&#x435;&#x439;, &#x449;&#x43E; &#x43F;&#x435;&#x440;&#x435;&#x436;&#x438;&#x43B;&#x438; &#x448;&#x442;&#x443;&#x447;&#x43D;&#x438;&#x439; &#x433;&#x43E;&#x43B;&#x43E;&#x434;. </subfield>
  </datafield>
  <datafield tag="521" ind1=" " ind2=" ">
    <subfield code="a">&#x414;&#x43B;&#x44F; &#x448;&#x438;&#x440;&#x43E;&#x43A;&#x43E;&#x433;&#x43E; &#x43A;&#x43E;&#x43B;&#x430; &#x447;&#x438;&#x442;&#x430;&#x447;&#x456;&#x432;</subfield>
  </datafield>
  <datafield tag="546" ind1=" " ind2=" ">
    <subfield code="a">&#x443;&#x43A;&#x440;.</subfield>
  </datafield>
  <datafield tag="650" ind1=" " ind2=" ">
    <subfield code="a">&#x425;&#x443;&#x434;&#x43E;&#x436;&#x43D;&#x44C;&#x43E;-&#x43F;&#x443;&#x431;&#x43B;&#x456;&#x446;&#x438;&#x441;&#x442;&#x438;&#x447;&#x43D;&#x435; &#x432;&#x438;&#x434;&#x430;&#x43D;&#x43D;&#x44F;</subfield>
  </datafield>
  <datafield tag="653" ind1=" " ind2=" ">
    <subfield code="a">&#x413;&#x43E;&#x43B;&#x43E;&#x434;&#x43E;&#x43C;&#x43E;&#x440;</subfield>
    <subfield code="a">&#x413;&#x43E;&#x43B;&#x43E;&#x434;</subfield>
  </datafield>
  <datafield tag="942" ind1=" " ind2=" ">
    <subfield code="2">udc</subfield>
    <subfield code="c">BK</subfield>
  </datafield>
  <datafield tag="999" ind1=" " ind2=" ">
    <subfield code="c">17584</subfield>
    <subfield code="d">17584</subfield>
  </datafield>
  <datafield tag="952" ind1=" " ind2=" ">
    <subfield code="0">0</subfield>
    <subfield code="1">0</subfield>
    <subfield code="2">udc</subfield>
    <subfield code="4">0</subfield>
    <subfield code="7">0</subfield>
    <subfield code="a">CMB</subfield>
    <subfield code="b">CMB</subfield>
    <subfield code="c">AB</subfield>
    <subfield code="d">2026-04-30</subfield>
    <subfield code="i">53374</subfield>
    <subfield code="l">0</subfield>
    <subfield code="o">94(477)</subfield>
    <subfield code="p">19351</subfield>
    <subfield code="r">2026-04-30</subfield>
    <subfield code="w">2026-04-30</subfield>
    <subfield code="y">BK</subfield>
  </datafield>
</record>
